[Event "Toronto NAYCC U08 Girls"]
[Site "Toronto"]
[Date "2013.08.18"]
[Round "9"]
[White "Guo, Hazel"]
[Black "Radin, Paige"]
[Result "1-0"]
[WhiteElo "961"]
[BlackElo "657"]
[PlyCount "75"]
[EventDate "2013.08.14"]
[EventType "swiss"]
[EventRounds "9"]
[EventCountry "CAN"]
[SourceTitle "EXT 2022"]
[Source "ChessBase"]
[SourceDate "2021.10.06"]
[SourceVersion "1"]
[SourceVersionDate "2021.10.06"]
[SourceQuality "1"]

1. e4 e5 2. Nc3 Nf6 3. f4 Nc6 4. Nf3 d6 5. Bc4 Bg4 6. 0-0 Qd7 7. Qe1 Bxf3 8. gxf3 exf4 9. d4 0-0-0 10. d5 Nd4 11. Qd2 Nxf3+ 12. Rxf3 Qg4+ 13. Qg2 Qd7 14. Bb5 c6 15. dxc6 bxc6 16. Ba6+ Kb8 17. Na4 c5 18. Rb3+ Ka8 19. Bb7+ Kb8 20. Bc6+ Kc7 21. Bxd7 Rxd7 22. Bxf4 Re7 23. e5 dxe5 24. Qb7+ Kd6 25. Rd1+ Ke6 26. Qc8+ Nd7 27. Nxc5+ Kf6 28. Bg3 Nxc5 29. Qxc5 Rb7 30. Qxe5+ Kg6 31. Rxb7 f6 32. Qe4+ f5 33. Qe6+ Kg5 34. Rd5 g6 35. h4+ Kh6 36. Bf4+ Kh5 37. Bg5 Rg8 38. Qe2# 1-0